| 000 | 00581nam a22001817a 4500 | ||
|---|---|---|---|
| 003 | OSt | ||
| 005 | 20250711015631.0 | ||
| 008 | 250711b |||||||| |||| 00| 0 eng d | ||
| 020 | _a9789717251462 | ||
| 040 |
_aDWCL - Main lib _cOC |
||
| 082 | _aFil. 580.72 S195g 2015 | ||
| 100 | _aSan Felipe Vivian O. | ||
| 245 |
_aGeneral botany : _b laboratory manual/ _cVivian O. San Felipe |
||
| 260 |
_aManila : _bGrandbooks Publishing, _c c2015. |
||
| 300 |
_a vi, 181 pages : _b illustrations ; _c 22 cm. |
||
| 650 | _a1. Botany--Laboratory manuals. | ||
| 942 |
_2ddc _cBK - FIL _kFil. _n0 |
||
| 999 |
_c3608 _d3608 |
||